Jamal Ul Amsaal (Record no. 18088)
[ view plain ]
| 000 -LEADER | |
|---|---|
| fixed length control field | 00256nam a22001097a 4500 |
| 008 - FIXED-LENGTH DATA ELEMENTS--GENERAL INFORMATION | |
| fixed length control field | 150604t xxu||||| |||| 00| 0 eng d |
| 020 ## - INTERNATIONAL STANDARD BOOK NUMBER | |
| International Standard Book Number | 978-969-8535-17-9 |
| 100 ## - MAIN ENTRY--PERSONAL NAME | |
| Personal name | Khaleeq Ahmad Sidiqi |
| 9 (RLIN) | 990 |
| 245 ## - TITLE STATEMENT | |
| Title | Jamal Ul Amsaal |
| 300 4# - PHYSICAL DESCRIPTION | |
| Extent | 444 |
| 942 ## - ADDED ENTRY ELEMENTS (KOHA) | |
| Source of classification or shelving scheme | |
| Koha item type | Book |
| Withdrawn status | Lost status | Source of classification or shelving scheme | Damaged status | Not for loan | Permanent Location | Current Location | Date acquired | Total Checkouts | Barcode | Date last seen | Price effective from | Koha item type |
|---|---|---|---|---|---|---|---|---|---|---|---|---|
| School of Civil and Environmental Engineering (SCEE) | School of Civil and Environmental Engineering (SCEE) | 11/27/2019 | NIT-12488 | 11/27/2019 | 11/27/2019 | Book |
